000 00714nam a22001695i 4500
001 166785
003 ES-MaACL
005 20240203062552.0
008 981002s1878 sp |||| | spa d
040 _aCLM
_bspa
_cCCPB | 3D
110 2 _aUniversidad Central (Madrid)
_97084
245 1 0 _aDiscursos leido y pronunciado en la inauguración de la Unión Veterinaria sociedad académica el día 20 de octubre de 1878 en el paraninfo de la Universidad Central.
260 _aMadrid :
_b[s.n.],
_c1878 (
_fEstablecimiento tipográfico de P. Nuñez)
300 _a48 p. ;
_c25 cm.
852 _aES-MaACL
_jT-317-F-6-7
_z-- Enc. hol., falto de la cub. original
_z-- Enc. en un vol. facticio
999 _c166785
_d166785